| 000 | 00654cam a22002293a 4500 | ||
|---|---|---|---|
| 001 | 18439 | ||
| 003 | PGUSA | ||
| 005 | 20140828083407.0 | ||
| 008 | 060523s2006||||xxu|||||s|||||000 | eng d | ||
| 040 |
_aPGUSA _beng |
||
| 042 | _adc | ||
| 050 | 4 | _aHV | |
| 100 | 1 |
_aWright, John Dutton, _d1866-1952 |
|
| 245 | 1 | 0 |
_aWhat the Mother of a Deaf Child Ought to Know _h[electronic resource] / _cJohn Dutton Wright |
| 260 |
_bProject Gutenberg, _c2006 |
||
| 506 | _aPublic domain in the USA. | ||
| 516 | _aElectronic text | ||
| 653 | _aDeaf children | ||
| 830 | 0 |
_aProject Gutenberg _v18439 |
|
| 856 | 4 | 0 | _uhttp://www.gutenberg.org/ebooks/18439 |
| 942 | _cEB | ||
| 999 |
_c247694 _d247694 |
||